000 00445nam a2200169 i 4500
001 86900
003 ES-MaACL
005 20230906175540.0
007 t|
008 041216s1971 sp ||||1| spa d
100 1 _aKolb, Erich.
_968510
245 1 0 _aFisología veterinaria /
_cErich Kolb.
250 _a1ª ed.
260 _aZaragoza :
_bAcribia,
_c[1971]
300 _aXXXI, 990 p. :
_bil. ;
_c24 cm.
852 _aES-MaACL
_jC-39058
_bR.79459
999 _c86900
_d86900